01110nam a22001457a 4500008004100000020001500041050001600056100002100072245010000093300002300193500002000216505069700236700001500933700001600948140911b xxu||||| |||| 00| 0 eng d a0421742402 aKJC5132.A54 aGordon, Richard. aThe straburg case law: Leading cases from the European human rights reports. /cRichard Gordon. alii,1572p.:c25cm. aIncludes index. aContents: Convention concepts -- Convention articles, with commentary and cases extracts: Obligation to respect human rights -- The right to life -- Torture, inhuman or degrading treatment -- Prohibition on slavery and forced labour -- The right to liberty and security of the person -- Right to fair trial -- Prohibition of retrospective criminal offences or imposition of heavier penalties -- Freedom of thought, conscience and religion -- Freedom of expression -- Freedom of assembly and association -- Right to marry -- Right to an effective remedy -- Prohibition on discrimination -- Miscellaneous provisions -- Right to property -- The right to education -- The right to free elections. aWard, Tim. aEicke, Tim.